Transferts Counter Strike de Joueurs T1 #2 - Statistiques

Statistiques générales
  • Ce quiz a été pris 47 fois
  • Le résultat moyen est 10 sur 31
Statistiques - réponses
Année du
Transfert
Equipe Avant
Transfert
Joueur Equipe Après
Transfert
% Correct
2023 OG flameZ Vitality
82%
2016 Astralis karrigan FaZe
76%
2023 HEROIC cadiaN Liquid
64%
2023 Falcons bodyy fnatic
61%
2025 Cloud9 HeavyGod G2
58%
2018 3DMAX JACKZ / Lucky / maLeK G2
55%
2016 EnVyUs kioShiMa FaZe
55%
2025 MOUZ NXT PR GamerLegion
52%
2024 Monte br0 Astralis
39%
2013 Epsilon JW / Devilwalk / Flusha / znajder fnatic
39%
2018 LDLC ALEX Vitality
36%
2015 LGB rain Kinguin
36%
2014 ENCE allu MOUZ
30%
2018 Cloud9 tarik MIBR
27%
2025 RED Canids dav1deuS paiN
24%
2019 Gambit mou / dosia OneThree
24%
2021 GamerLegion mezii Cloud9
21%
2020 GamerLegion nawwk / hampus Ninjas in Pyjamas
18%
2017 Natus Vincere seized FlipSid3
18%
2020 Copenhagen Flames TeSeS HEROIC
18%
2020 FaZe Bymas MOUZ
15%
2017 Ninjas in Pyjamas friberg OpTic
15%
2022 FunPlus Phoenix STYKO Apeks
15%
2018 Virtus.pro TaZ Kinguin
15%
2021 MAD Lions acoR MOUZ
12%
2015 G2 dennis fnatic
12%
2017 Outlaws CeRq NRG
9%
2005 SK HeatoN / Potti Ninjas in Pyjamas
9%
2019 OpTic cajunb / JUGi North
6%
2015 Denial nitr0 Liquid
6%
2021 Complexity oBo Evil Geniuses
6%
Aucun quiz correspondant
Distribution des résultats
% des personnes avec chaque résultat
Percentile par nombre de réponses
Votre historique - résultats
Vous n’avez pas pris ce quiz